000 00422nam a22001577a 4500
005 20251108164222.0
008 250721s1982 xx 000 0 ara d
082 1 4 _a617.6/هدى
100 1 _aفاخوري، هدى سالم
245 1 0 _aقصة الأسنان /
264 1 _aلندن :
_bشركة مكميلان للنشر،
_c1982.
300 _a50ص
650 1 7 _aالأسنان
942 _2ddc
_cBK
999 _c6642
_d6642